000 00444nam a22001697a 4500
003 SGT
020 _a9788131256855
082 _a617.522
_bC19H
100 _aHupp, James R.
245 _aContemporary Oral & Maxillofacial Surgery
250 _a2nd South Asia
260 _bElsevier
_c2019
300 _a708
650 _aOral & Maxillofacial Surgery
653 _aOral & Maxillofacial Surgery; Oral Surgery; Surgery
942 _2ddc
_cBK
_024
999 _c22775
_d22775